Good English: How to write it (Record no. 23507)

MARC details
000 -LEADER
fixed length control field 00262nam a2200109Ia 4500
082 ## - DEWEY DECIMAL CLASSIFICATION NUMBER
Classification number 802
Item number VAL
100 ## - MAIN ENTRY--AUTHOR NAME
Personal name Vallins, G H
245 #0 - TITLE STATEMENT
Title Good English: How to write it
260 ## - PUBLICATION, DISTRIBUTION, ETC. (IMPRINT)
Place of publication London
Name of publisher ELBS
Year of publication 1962
942 ## - ADDED ENTRY ELEMENTS (KOHA)
Koha item type Books
Holdings
Withdrawn status Lost status Damaged status Not for loan Home library Current library Date acquired Cost, normal purchase price Full call number Accession Number Koha item type
        RRII Library RRII Library 16/12/2021 0.17 802 VAL 04205 Books